Riconosci il Pokémon - Quiz n°664 - Statistics

Statistiche generali
  • Questo quiz è stato fatto 0 volte
  • Il punteggio medio è 0 su 10
Statistiche sulle risposte
Indizio Riposta % Corretto
Altezza 1,9 m
0%
Tasso di cattura 45 (11.9%)
0%
Peso 52,0 kg
0%
Sesso 87.5% ♂, 12.5% ♀
0%
Abilità Aiutofuoco; Acceleratore (Normale; Megaevoluzione)
0%
Pokémon Blaziken
0%
Tipo Fuoco / Lotta
0%
Tasso di allevamento Medio-Lento
0%
Stadio evoluzione Seconda evoluzione
0%
Generazione Terza
0%
Nessun quiz corrispondente trovato
Distribuzione punteggi
Percentuale di utenti per punteggio
Percentile per numero di risposta
I tuoi punteggi nel tempo
Non hai fatto questo quiz